| 000 | 01319nam a22003737a 4500 | ||
|---|---|---|---|
| 003 | CHAP | ||
| 005 | 20220329134845.0 | ||
| 008 | 971013c19651958 r 00010 d | ||
| 010 | _a27025 | ||
| 011 | _a27997 | ||
| 035 | _a32098 | ||
| 040 | _cCHAP | ||
| 082 |
_a428.3 _bL3 |
||
| 100 | 0 | 0 |
_aLado, Robert. _964365 |
| 245 |
_aEnglish sentence patterns _b: understanding and producing english gramatical structures |
||
| 250 | _a3 ed. | ||
| 260 |
_aAnn Arbor : _bUniversity of Michigan Press, _c1965 (c.1958) |
||
| 300 | _a324 p. | ||
| 490 |
_aIntensive course in english _v; vol.3 |
||
| 590 |
_aBATCH-UPD _b10 _c20130110 _lUCH01 _h1329 |
||
| 590 |
_aBATCH-UPD _b10 _c20130410 _lUCH01 _h0835 |
||
| 590 |
_aBATCH-UPD _b10 _c20130914 _lUCH01 _h1437 |
||
| 590 |
_aCONVERSION _b10 _c20130109 _lUCH01 _h1316 |
||
| 650 | 1 | 4 |
_aInglés _xGramática. _958342 |
| 700 | 0 |
_aFires, Charles C. _941047 |
|
| 830 | 0 |
_aIntensive course in english _v; vol.3 _959510 |
|
| 901 | _aBK | ||
| 942 | _cLIBRO | ||
| 949 |
_a428.3 L3 _bBC _cBPA _d-74280 _eBPA _fc.2 _i32098 _si _t2.25 |
||
| 949 |
_a428.3 L3 _bBC _cBPA _d-74281 _eBPA _fc.3 _i32098 _si _t2.25 |
||
| 949 |
_a428.3 L3 _bBC _cBPA _d-74282 _eBPA _fc.4 _i32098 _si _t2.25 |
||
| 949 |
_a428.3 L3 _bBC _cBPA _d-74293 _eBPA _fc.9 _i32098 _si _t2.25 |
||
| 949 |
_a428.3 L3 _bBC _cBPA _dD_D9E6 _eBPA _fc.10 _i32098 _si _t2.25 |
||
| 999 |
_c27025 _d27025 |
||